Technical analysis explained: the successful investor's guide to spotting investment trends and turning points / (Record no. 165981)

MARC details
000 -LEADER
fixed length control field 00976nam a22002297a 4500
005 - DATE AND TIME OF LATEST TRANSACTION
control field 20190709111244.0
010 ## - LCCN (DPL NO)
LC control number B-728402
020 ## - INTERNATIONAL STANDARD BOOK NUMBER
Terms of availability 1499.00
International Standard Book Number 9789339205102
035 ## - SYSTEM CONTROL NUMBER
System control number B-728402
037 ## - SOURCE OF ACQUISITION
Source of stock number/acquisition RK Books
082 ## - DEWEY DECIMAL CLASSIFICATION NUMBER
Classification number 332.6322
100 ## - MAIN ENTRY--PERSONAL NAME
Personal name Pring,Martin J.
245 ## - TITLE STATEMENT
Title Technical analysis explained: the successful investor's guide to spotting investment trends and turning points /
Statement of responsibility, etc by Martin J. Pring
250 ## - EDITION STATEMENT
Edition statement 5th ed.
260 ## - PUBLICATION, DISTRIBUTION, ETC. (IMPRINT)
Place of publication, distribution, etc New Delhi
Name of publisher, distributor, etc McGraw Hill Education
Date of publication, distribution, etc 2018 (repr.)
270 ## - ADDRESS
Address 444/1, Sri Ekambara Naicker Industrial Estate, Alapakkam, Porur
City Chennai
Postal code 600116
300 ## - PHYSICAL DESCRIPTION
Extent xxiv,797p.:
Dimensions 23cm(pbk)
Other physical details ill.
500 ## - GENERAL NOTE
General note Includes appendix, glossary, bibliographical references and index
650 ## - SUBJECT ADDED ENTRY--TOPICAL TERM
Topical term or geographic name as entry element Investment analysis
942 ## - ADDED ENTRY ELEMENTS (KOHA)
Source of classification or shelving scheme Dewey Decimal Classification
Item type English Books
Call number suffix PRI
Classification part 332.6322
Holdings
Withdrawn status Lost status Not for loan Collection code Home library Current library Date acquired Source of acquisition Cost, normal purchase price Full call number Barcode Copy number Cost, replacement price Koha item type Public note
      Non-fiction Central Library Central Library 09/07/2019 RK Books/IN646/2019-20/26-06-19/13/13-06-19/28-06-19 1499.00 332.6322 PRI B-728402 1 1499.00 English Books Spl. Power

© Delhi Public Library
Hit Counter
free hit counter